000 00392cam a22001217a 4500
008 180718b1986 xxu||||| |||| 00| 0 eng d
082 _aAPPPA 85-86 THI
100 _aThiagarajan, P.
245 _aSeafood industry in India: a critical appraisal
_cby P. Thiagarajan
260 _aNew Delhi
_bIndian Institute of Public Administration
_c1986
300 _a96+p.
650 _aSeafood industry-India
999 _c501398
_d501398